000 00485nam a2200181Ia 4500
001 44741
008 140428s9999 xx 000 0 und d
020 _aNA
040 _cPK-LaUMT
082 _aRHC 297.070954
_bABU-H
100 _aAbual Hasanaat Nadvi
245 _aHindustan ki qadeem Islami darsgahain (Urdu)
_cAbual Hasanaat Nadvi
260 _aLahore,Pakistan:
_bMaktaba Khawar,
_c1979
300 _a123 p.
546 _aUR
650 _aIslamic education-Inida
942 _cBK
999 _c42721
_d42721